Production management and engineering sciences scientific publication of the International conference on engineering science and production management (ESPM 2015), Tatranská Štrba, High Tatras Mountains, Slovak Republic, 16-17 april 2015
Saved in:
| Corporate Author: | |
|---|---|
| Other Authors: | , , |
| Format: | Book |
| Language: | English |
| Published: |
Leiden
CRC Press/Balkema
2016
|
| Edition: | 1st ed. |
| Subjects: | |
| Tags: |
No Tags, Be the first to tag this record!
|
MARC
| LEADER | 00000nam a2200000 4500 | ||
|---|---|---|---|
| 001 | 0215198 | ||
| 005 | 20240502083540.3 | ||
| 020 | |a 978-1-138-02856-2 | ||
| 041 | 0 | |a eng | |
| 044 | |a NL | ||
| 245 | 1 | 0 | |a Production management and engineering sciences |b scientific publication of the International conference on engineering science and production management (ESPM 2015), Tatranská Štrba, High Tatras Mountains, Slovak Republic, 16-17 april 2015 |c editors: Milan Majerník, Naqib Daneshjo, Martin Bosák |
| 250 | |a 1st ed. | ||
| 264 | 1 | |a Leiden |b CRC Press/Balkema |c 2016 | |
| 300 | |a xi, 609 s. [30,5 AH] | ||
| 610 | 2 | 0 | |a riadenie výroby |
| 610 | 2 | 0 | |a logistika |
| 610 | 2 | 0 | |a rozvoj technický |
| 610 | 2 | 0 | |a rozvoj trvalo udržateľný |
| 610 | 2 | 0 | |a plánovanie výroby |
| 610 | 2 | 0 | |a inžinierstvo environmentálne |
| 610 | 2 | 0 | |a manažment environmentálny |
| 610 | 2 | 0 | |a riadenie kvality |
| 610 | 2 | 0 | |a kvalita výrobkov |
| 610 | 2 | 0 | |a inovácia |
| 610 | 2 | 0 | |a inovácia výrobkov |
| 700 | 1 | |a Majerník, Milan, 1952- | |
| 700 | 1 | |a Daneshjo, Naqibullah, 1964- | |
| 700 | 1 | |a Bosák, Martin, 1967- | |
| 110 | 2 | |a ESPM 2015. International conference on engineering science and production management | |